Word Laddyrinth X Quiz Stats

 Plays Quiz Updated Sep 26, 2018

Also try: Word Laddyrinth IX
Challenge
Share
Tweet
Embed
Score 0/192 Timer 07:00
0 Plays Today
% Correct
through __ and thin
100%
FINISH
99.9%
ponder
98.3%
deceive
98.3%
hatchling
98.3%
THICK
98.3%
0~O~0~O~0~O~0
96.3%
0~O~0~O~0~O~0
96.3%
show gratitude
95.1%
THINK
95%
0~O~0~O~0~O~0
94.4%
0~O~0~O~0~O~0
94.4%
0~O~0~O~0~O~0
93.6%
0~O~0~O~0~O~0
93.6%
prison weapon
93.5%
THANK
93.4%
0~O~0~O~0~O~0
90.7%
0~O~0~O~0~O~0
90.7%
building material
90.2%
TRICK
89.9%
0~O~0~O~0~O~0
89.1%
0~O~0~O~0~O~0
89.1%
0~O~0~O~0~O~0
88.7%
0~O~0~O~0~O~0
88.7%
inspect
88.4%
CHICK
88.4%
jab with a pin
87%
BRICK
86.8%
precipice
86.8%
Jaws, eg
85.9%
0~O~0~O~0~O~0
85.8%
0~O~0~O~0~O~0
85.8%
SHANK
85.8%
0~O~0~O~0~O~0
85.3%
0~O~0~O~0~O~0
85.3%
cost
85%
PRICK
84.9%
fire starter
84.9%
SHARK
84.8%
avoid
84.8%
like 2, 3, 5, 7...
83.4%
facial feature
83.3%
PRICE
83.3%
CHECK
83.2%
0~O~0~O~0~O~0
81.1%
0~O~0~O~0~O~0
81.1%
CHEEK
80.7%
stream
80.7%
0~O~0~O~0~O~0
78.9%
0~O~0~O~0~O~0
78.9%
unlawful act
78.7%
beautify
78.5%
PRIME
78.5%
0~O~0~O~0~O~0
78.1%
0~O~0~O~0~O~0
78.1%
ring; peal
78.1%
CRIME
77.9%
CREEK
77.4%
__ raving mad
76.5%
SPARK
75.7%
0~O~0~O~0~O~0
73.7%
0~O~0~O~0~O~0
73.7%
STARK
73.1%
wading bird
73.1%
% Correct
STORK
71.6%
0~O~0~O~0~O~0
70.7%
0~O~0~O~0~O~0
70.7%
0~O~0~O~0~O~0
63.4%
0~O~0~O~0~O~0
63.4%
a primate, for short
63%
victor, for short
62.9%
CHIME
62.8%
CHIMP
62.7%
squeezing tool
61.7%
hunk
61.5%
CHAMP
61.4%
SHIRK
61.1%
fastener
61.1%
CLAMP
61%
BRINK
58.4%
PRIMP
57%
0~O~0~O~0~O~0
54.3%
0~O~0~O~0~O~0
54.3%
downward trend
53.4%
CLUMP
52.7%
rascal
51.7%
tree remnant
51.4%
0~O~0~O~0~O~0
51.3%
0~O~0~O~0~O~0
51.3%
mail necessity
51.1%
SLUMP
51%
STAMP
50.9%
STUMP
50.8%
0~O~0~O~0~O~0
49%
0~O~0~O~0~O~0
49%
skull covering
48.7%
wetland
47.7%
SCAMP
47.6%
SWAMP
46.7%
guru
46.7%
CLASP
46.6%
0~O~0~O~0~O~0
46.4%
0~O~0~O~0~O~0
46.4%
0~O~0~O~0~O~0
46.2%
0~O~0~O~0~O~0
46.2%
sedimentary rock
46%
weight measurer
45.7%
SCALE
45.4%
0~O~0~O~0~O~0
45.1%
0~O~0~O~0~O~0
45.1%
burn with liquid
45.1%
SCALP
45.1%
old; dried out
44.7%
SHALE
43.5%
0~O~0~O~0~O~0
43.1%
0~O~0~O~0~O~0
43.1%
pole
43%
SCALD
41.7%
STALE
41.4%
SWAMI
41.1%
0~O~0~O~0~O~0
40.3%
0~O~0~O~0~O~0
40.3%
0~O~0~O~0~O~0
40.1%
0~O~0~O~0~O~0
40.1%
add fuel to
39.3%
0~O~0~O~0~O~0
39.2%
0~O~0~O~0~O~0
39.2%
0~O~0~O~0~O~0
39.1%
% Correct
0~O~0~O~0~O~0
39.1%
allotment
38.9%
water's edge
38.5%
rock
38.4%
extra, as a tire
38.4%
tower
38.4%
0~O~0~O~0~O~0
38.2%
0~O~0~O~0~O~0
38.2%
gave off light
38.1%
the final frontier
38%
SPARE
37.9%
SHARE
37.6%
0~O~0~O~0~O~0
37.5%
0~O~0~O~0~O~0
37.5%
SHORE
37.4%
SHONE
36.8%
STONE
36.4%
verbalized
35.7%
0~O~0~O~0~O~0
35.6%
0~O~0~O~0~O~0
35.6%
seasoning
35.1%
STAKE
35.1%
SPACE
35%
STOKE
35%
SPOKE
34.9%
large nail
34.9%
mushroom seed
34.9%
0~O~0~O~0~O~0
34.8%
0~O~0~O~0~O~0
34.8%
backbone
34.8%
glimmer
34.5%
pig; hog
34.5%
SPINE
34.5%
SPIRE
33.8%
SPICE
33.7%
cut into portions
33.7%
complain; snivel
33.5%
SHINE
33.5%
SPORE
33.3%
SPIKE
32.8%
0~O~0~O~0~O~0
32.6%
0~O~0~O~0~O~0
32.6%
suspended sway
32.4%
SWINE
32.3%
SLICE
31.8%
0~O~0~O~0~O~0
30.7%
0~O~0~O~0~O~0
30.7%
during the time
30.5%
WHINE
30.4%
stone launcher
29.6%
in debt
29.6%
SWING
29.5%
mountainous nation
28.3%
WHILE
28.1%
offspring
26.9%
CHILE
26.9%
CHILD
26.8%
SLING
26.8%
casual dialect
26.8%
slope
26.7%
SLANG
26.5%
OWING
25.8%
GOOD JOB
23%
SLANT
22.9%

You're not logged in!

Compare scores with friends on all Sporcle quizzes.
OR
Log In

You Might Also Like...

Show Comments

Extras

Top Quizzes Today


Score Distribution

Your Account Isn't Verified!

In order to create a playlist on Sporcle, you need to verify the email address you used during registration. Go to your Sporcle Settings to finish the process.

Report this User

Report this user for behavior that violates our Community Guidelines.

Details: